Statistics for Oldest Countries By Earliest Organised Government

Click here to take the quiz!

General Stats

  • This quiz has been taken 73 times
  • The average score is 6 of 10

Answer Stats

Year (BC)Country% Correct
3200Iran
92%
2070China
89%
3100Egypt
83%
2000India
80%
1300Israel
64%
1070Sudan
48%
2492Armenia
33%
1300Georgia
32%
2879Vietnam
23%
2333North Korea
12%

Score Distribution

Percentile by Number Answered

Percent of People with Each Score

Your Score History

You have not taken this quiz